10 größte Städte Ukraine - Statistiken

Allgemein
  • Dieses Quiz wurde 33 mal gespielt
  • Das Durchschnittsergebnis liegt bei 5 aus 10
Antwortstatistiken
Einwohner Antwort % Korrekt
2.952.000 Kiew
100%
1.011.000 Odessa
81%
1.421.000 Charkiw
73%
717.000 Lwiw
65%
902.000 Donezk
58%
969.000 Dnipro
46%
426.000 Mariupol
35%
710.000 Saporischschja
31%
604.000 Krywyj Rih
15%
470.000 Mykolajiw
12%
Keine übereinstimmenden Quizze gefunden
Verteilung der Resultate
Anzahl Personen mit jedem Resultat
Perzentil nach korrekt beantworteten Fragen
Ihre Resultats-Entwicklung
Sie haben dieses Quiz noch nicht gespielt